[Event "Bytom op"]
[Site "Bytom"]
[Date "1995.??.??"]
[Round "?"]
[White "Leskiewicz, Maksymilian"]
[Black "Sladkowski, Stanislaw"]
[Result "0-1"]
[WhiteElo "2155"]
[BlackElo "2215"]

1.d4 Nf6 2.c4 e6 3.Nf3 Bb4+ 4.Bd2 Qe7 5.Qc2 Bxd2+ 6.Nbxd2 d6 7.e4 e5 8.d5 a5
9.b3 O-O 10.g3 Na6 11.Bg2 Nh5 12.Nh4 g6 13.O-O f5 14.exf5 gxf5 15.Rfe1 Qf6
16.Qc3 Nc5 17.Re2 Bd7 18.Rb1 b6 19.Rbe1 Rf7 20.Kh1 Raf8 21.Kg1 Rg7 22.Kh1 Kh8
23.Qf3 Qg5 24.Qc3 e4 25.Qe3 f4 26.Qd4 f3 27.Ndxf3 exf3 28.Bxf3 Nf4 29.Re3 Ng6
30.Nxg6+ Qxg6 31.Kg2 Qf6 32.Qg4 Bxg4  0-1

[Event "Bytom op"]
[Site "Bytom"]
[Date "1995.??.??"]
[Round "?"]
[White "Kachur, Alexander"]
[Black "Goj, Artur"]
[Result "1-0"]
[WhiteElo "2315"]
[BlackElo "2340"]

1.d4 Nf6 2.c4 e6 3.Nf3 Bb4+ 4.Bd2 Qe7 5.Qc2 Bxd2+ 6.Nbxd2 d6 7.e4 e5 8.d5 a5
9.g3 O-O 10.Bg2 Na6 11.O-O Bd7 12.b3 Rfc8 13.Rfe1 c6 14.dxc6 Rxc6 15.Nh4 g6
16.Qc3 Qd8 17.h3 Nh5 18.Nf1 Nf4 19.gxf4 Qxh4 20.fxe5 dxe5 21.Qxe5 Nb4 22.Rad1 Re6
23.Qc3 Bc6 24.a3 Na6 25.Qxa5 Rae8 26.Re3 Re5 27.Qe1 Nc7 28.f3 Qf6 29.b4 R8e7
30.b5 Bd7 31.Red3 Be6 32.Rd8+ Kg7 33.Qc3 b6 34.Ng3 Ne8 35.f4 Rc5 36.Qxf6+ Kxf6
37.e5+ Kg7 38.Bd5 Bxh3 39.Ne4 Rc8 40.Rxc8 Bxc8 41.Nd6 Bg4 42.Nxe8+ Rxe8 43.Re1 Be6
44.Bc6 Rd8 45.a4 Kf8 46.c5 bxc5 47.a5 Ke7 48.a6 Bd7 49.Bxd7 Rxd7  1-0

[Event "Caceres"]
[Site "Caceres"]
[Date "1995.??.??"]
[Round "?"]
[White "Alvarez Ibarra, D Rafael"]
[Black "Rojo Huerta, Gabriel"]
[Result "1/2-1/2"]
[WhiteElo "2445"]
[BlackElo "2365"]

1.d4 Nf6 2.Nf3 e6 3.c4 Bb4+ 4.Bd2 a5 5.g3 b6 6.Bg2 Bb7 7.O-O O-O 8.Bf4 d5
9.c5 a4 10.a3 Ba5 11.cxb6 Bxb6 12.Nc3 Bc6 13.Ne5 Be8 14.Rc1 Nc6 15.Nxd5 Nxd5
16.Nxc6 Bxc6 17.Rxc6 Nxf4 18.gxf4 Qxd4 19.Qxd4 Bxd4 20.Rxc7 Rac8 21.Rb7 Rb8
22.Rb1 Rxb7 23.Bxb7 Rb8 24.Bc6 Rxb2  1/2-1/2

[Event "CAN-ch"]
[Site "CAN"]
[Date "1995.??.??"]
[Round "6"]
[White "Nickoloff, Bryon"]
[Black "Littke, Adam"]
[Result "1-0"]
[WhiteElo "2405"]
[BlackElo "2300"]

1.d4 Nf6 2.c4 e6 3.Nf3 Bb4+ 4.Bd2 Qe7 5.g3 Nc6 6.Nc3 Bxc3 7.Bxc3 Ne4 8.Rc1 d6
9.d5 Nxc3 10.Rxc3 Nd8 11.Bg2 e5 12.c5 O-O 13.cxd6 Qxd6 14.Nd2 f5 15.Nc4 Qf6
16.d6 cxd6 17.Nxd6 Be6 18.O-O e4 19.f3 exf3 20.Rfxf3 Nc6 21.Rfe3 Kh8 22.Nxb7 Ne5
23.Qd6 Nc4 24.Qxe6 Nxe3 25.Qxf6 Rxf6 26.Rxe3 Rc8 27.Nc5 f4 28.Re5 fxg3 29.hxg3 h6
30.Bf3 Rcc6 31.Nd3  1-0

[Event "Cannes op"]
[Site "Cannes"]
[Date "1995.??.??"]
[Round "1"]
[White "Tratar, Marko"]
[Black "Sarthou, Gaetan"]
[Result "1-0"]
[WhiteElo "2420"]
[BlackElo "2280"]

1.d4 Nf6 2.Nf3 e6 3.c4 Bb4+ 4.Bd2 a5 5.g3 b6 6.Bg2 Bb7 7.O-O O-O 8.Bf4 Be7
9.Nc3 Ne4 10.Nxe4 Bxe4 11.Rc1 d6 12.Ne1 Bxg2 13.Nxg2 f5 14.Bd2 g5 15.e4 Nd7
16.f4 g4 17.Ne3 Qe8 18.Re1 fxe4 19.Qxg4+ Qg6 20.Qxg6+ hxg6 21.Ng4 Nf6 22.Nf2 c5
23.dxc5 d5 24.cxd5 Bxc5 25.Rxc5 bxc5 26.dxe6 Rfe8 27.Nxe4 Nxe4 28.Rxe4 Ra6
29.Kf2 Rexe6 30.Rxe6 Rxe6 31.Kf3 a4 32.a3 c4 33.Bc3 Rd6 34.Kg4 Kf7 35.Kg5 Rd3
36.Be5 Rf3 37.Bc3 Rd3 38.Be5 Rf3 39.Bd4 Rd3 40.Bc3 Rf3 41.Be5 Re3 42.g4 Rf3
43.h4 Rh3 44.h5 gxh5 45.gxh5 Rh1 46.h6 Rg1+ 47.Kf5 Rh1 48.Bg7 c3 49.bxc3 Ra1
50.Bd4 Rh1 51.Kg5 Rh2 52.f5 Rg2+ 53.Kf4 Kg8 54.Ke5 Kh7 55.c4 Rg3 56.f6 Rxa3
57.f7 Rf3 58.Ke6 a3 59.Ke7  1-0

[Event "Cannes op"]
[Site "Cannes"]
[Date "1995.??.??"]
[Round "3"]
[White "Skembris, Spyridon"]
[Black "Gerber, Richard"]
[Result "0-1"]
[WhiteElo "2525"]
[BlackElo "2360"]

1.Nf3 Nf6 2.c4 e6 3.d4 Bb4+ 4.Bd2 Qe7 5.g3 O-O 6.Bg2 Bxd2+ 7.Qxd2 d6 8.Nc3 e5
9.O-O Re8 10.e4 Bg4 11.d5 a5 12.Ne1 Na6 13.Nd3 c6 14.f4 cxd5 15.cxd5 Bd7
16.fxe5 dxe5 17.Rf2 Ng4 18.Rf3 b5 19.Raf1 b4 20.Nd1 f6 21.h3 Nh6 22.Ne3 Nf7
23.g4 Nc5 24.Nf2 Rac8 25.Kh2 Nb7 26.h4 Nbd6 27.Rg3 Rc7 28.Nh3 h6 29.Nf5 Bxf5
30.gxf5 Rec8 31.Rf2 Rc4 32.Qe2 Qa7 33.Bf3 Qd4 34.Rfg2 Ne8 35.Bh5 Qxe4 36.Bxf7+ Kxf7
37.Qh5+ Ke7 38.d6+ Kxd6 39.Qf7 Qxf5 40.Qa7 Rxh4 41.Qxa5 g5 42.Qa7 Rd4 43.Qf7 Qe6
44.Qf8+ Qe7 45.Qxh6 Rh4 46.Rd2+ Ke6 47.Qg6 Qh7 48.Qxh7 Rxh7 49.Rg4 Rh4 50.Rxh4 gxh4
51.Nf2 Nd6 52.Nd3 Rc4 53.b3 Rd4 54.Rd1 Kf7 55.Nf2 Rxd1 56.Nxd1 Nb5 57.Kh3 Nc3
58.Ne3 Ke6 59.Kxh4 Nxa2 60.Kg4 Nc1 61.Nc2 f5+ 62.Kf3 e4+ 63.Ke3 Ke5 64.Nxb4 f4+
65.Kd2 Nxb3+ 66.Ke1 Nd4 67.Kd2 e3+ 68.Kd3 e2 69.Kd2 f3 70.Ke1 Ke4 71.Kf2 Ne6
72.Ke1 Nf4 73.Nc2 Nd3+ 74.Kd2 e1=Q+ 75.Nxe1 Nxe1 76.Kxe1 Ke3  0-1

[Event "Cannes op"]
[Site "Cannes"]
[Date "1995.??.??"]
[Round "5"]
[White "Ikonnikov, Vyacheslav"]
[Black "Dizdarevic, Emir"]
[Result "1/2-1/2"]
[WhiteElo "2555"]
[BlackElo "2465"]

1.d4 Nf6 2.Nf3 e6 3.c4 Bb4+ 4.Bd2 Qe7 5.g3 O-O 6.Bg2 Bxd2+ 7.Qxd2 d6 8.Nc3 e5
9.O-O Re8 10.dxe5 dxe5 11.Nd5 Qd8 12.Ng5 h6 13.Nxf6+ Qxf6 14.Ne4 Qe7 15.Rfd1 Na6
16.Nc3 c6 17.Ne4 Bg4 18.Qe3 Red8  1/2-1/2

[Event "Cappelle op"]
[Site "Cappelle la Grande"]
[Date "1995.??.??"]
[Round "3"]
[White "Agnos, Demetrios"]
[Black "Ulibin, Mikhail"]
[Result "1/2-1/2"]
[WhiteElo "2445"]
[BlackElo "2540"]

1.d4 e6 2.Nf3 Nf6 3.c4 Bb4+ 4.Bd2 Qe7 5.g3 Nc6 6.Bg2 Bxd2+ 7.Nbxd2 d6 8.O-O a5
9.e4 e5 10.d5 Nb8 11.Ne1 O-O 12.Nd3 Bg4 13.f3 Bd7 14.f4 Na6 15.Qc2 Ng4 16.Rae1 Nb4
17.Qb1 b5 18.c5 Nxd3 19.Qxd3 dxc5 20.h3 c4 21.Qe2 Nf6 22.a4 Rfe8 23.axb5 Bxb5
24.Nb1 Qc5+ 25.Qf2 Qxf2+ 26.Rxf2 c6 27.Nc3 a4 28.Ra1 Nd7 29.Bf1 Nb6 30.Rd2 Kf8
31.dxc6 Bxc6 32.Rd6 Rac8 33.Rad1 f6 34.f5 Rc7 35.g4 h6 36.h4 Rb8 37.g5 hxg5
38.hxg5 fxg5 39.Re6 Re8 40.Rg6 Nc8 41.Bxc4 Ne7 42.Rxg5 Bxe4 43.Ba2 Bc2 44.Rf1 Rb8
45.f6 Ng6 46.Nd5 Rc6 47.Ne7 Rxf6 48.Nxg6+ Bxg6 49.Rxf6+ gxf6 50.Rxg6 Rxb2
51.Rxf6+ Kg7 52.Rf2  1/2-1/2

[Event "Cappelle op"]
[Site "Cappelle la Grande"]
[Date "1995.??.??"]
[Round "5"]
[White "Naumkin, Igor"]
[Black "Petraki, Maria"]
[Result "1-0"]
[WhiteElo "2500"]
[BlackElo "2130"]

1.d4 e6 2.Nf3 Nf6 3.c4 Bb4+ 4.Bd2 Qe7 5.g3 Nc6 6.Nc3 Bxc3 7.Bxc3 Ne4 8.Rc1 O-O
9.Bg2 d6 10.d5 Nd8 11.dxe6 Nxe6 12.O-O f5 13.e3 Bd7 14.Bb4 c5 15.Ba3 Bc6
16.h4 Rad8 17.Qc2 Qe8 18.b3 b5 19.cxb5 Bxb5 20.Rfe1 a5 21.Bb2 a4 22.Rcd1 axb3
23.axb3 Qh5 24.Ra1 Nf6 25.Nd2 d5 26.Ra7 Ne4 27.Nxe4 fxe4 28.Bh3 Rf5 29.Qd1 Qg6
30.Qg4 Rdf8 31.Qxg6 hxg6 32.Bxf5 gxf5 33.Rd1 d4 34.Re7 Nd8 35.exd4 Nc6 36.Rb7  1-0

[Event "Ceske Budejovice op"]
[Site "Ceske Budejovice"]
[Date "1995.??.??"]
[Round "1"]
[White "Meduna, Eduard"]
[Black "Saljova, Silvie"]
[Result "1-0"]
[WhiteElo "2445"]
[BlackElo "2195"]

1.d4 e6 2.c4 Nf6 3.Nf3 Bb4+ 4.Bd2 Qe7 5.a3 Bxd2+ 6.Nbxd2 d6 7.e4 e5 8.d5 O-O
9.Be2 a5 10.b4 Ne8 11.O-O f5 12.c5 Nf6 13.cxd6 cxd6 14.exf5 Bxf5 15.bxa5 Nxd5
16.Bc4 Be6 17.Ne4 Nf4 18.Qxd6 Qxd6 19.Nxd6 Nc6 20.Rfe1 Nxa5 21.Bxe6+ Nxe6
22.Rxe5 Nf4 23.Rd1 Rfd8 24.Re4 Ng6 25.h4 Nc6 26.Ng5 Rd7 27.Ne6 b6 28.a4 Nge7
29.Rd2 Rda7 30.Ra2 Rd7 31.Nb5 Rd1+ 32.Kh2 Rb1 33.Rae2 Ra1 34.Nc3 Ra3 35.Nc7 Rc8
36.N3b5 Ra1 37.Rxe7 Nxe7 38.Rxe7 Rxa4 39.Nd6 Rb8 40.Ne6 Rg4 41.f3  1-0

[Event "DEN-ch qual"]
[Site "Copenhagen"]
[Date "1995.??.??"]
[Round "3"]
[White "Hutters, Tomas"]
[Black "Hartung Nielsen, Jens"]
[Result "1/2-1/2"]
[WhiteElo "2430"]
[BlackElo "2260"]

1.c4 e6 2.Nf3 Nf6 3.d4 Bb4+ 4.Bd2 Qe7 5.g3 Nc6 6.Bg2 Bxd2+ 7.Nbxd2 d6 8.O-O a5
9.e4 e5 10.d5 Nb8 11.c5 O-O 12.cxd6 cxd6 13.Ne1 Na6 14.Nd3 Bg4 15.f3 Bd7
16.Nc4 Bb5 17.Na3 Qd8 18.Kh1 Bxd3 19.Qxd3 Nc5 20.Qe2 Ne8 21.Rac1 Nc7 22.Nc4  1/2-1/2

[Event "Copenhagen op2"]
[Site "Copenhagen"]
[Date "1995.??.??"]
[Round "8"]
[White "Olsen, Henrik"]
[Black "Stojanovski, Sandi"]
[Result "0-1"]
[WhiteElo "2360"]
[BlackElo "2190"]

1.d4 Nf6 2.c4 e6 3.Nf3 Bb4+ 4.Bd2 Qe7 5.g3 Nc6 6.Nc3 Bxc3 7.Bxc3 Ne4 8.Rc1 Nxc3
9.Rxc3 O-O 10.Bg2 d6 11.d5 Nd8 12.dxe6 Nxe6 13.O-O a5 14.Qd2 Bd7 15.Rd1 Bc6
16.Re3 Qf6 17.h4 b6 18.Qc2 g6 19.Nh2 Bxg2 20.Ng4 Qg7 21.Kxg2 Rae8 22.Qd2 f5
23.Nh2 f4 24.Rf3 fxg3 25.fxg3 Nc5 26.Ng4 h5 27.Nf2 Kh7 28.b3 Qe5 29.Qd5 Qxe2
30.Rf7+ Kh8 31.Qd4+ Qe5 32.Qxe5+ dxe5 33.Rxf8+ Rxf8 34.g4 Kg7 35.gxh5 gxh5
36.Kg3 Kg6 37.Nh3 Ne4+ 38.Kg2 Nc3 39.Re1 Kf6 40.Ng5 Rd8 41.a3 Rd2+ 42.Kg3 Rd3+
43.Kg2 Kf5 44.Nf7 Rd2+ 45.Kh3 Ne4 46.Ng5 Nxg5+ 47.hxg5 Kxg5 48.Rxe5+ Kf4
49.Rb5 Rb2 50.c5 bxc5 51.Rxc5 Rxb3+ 52.Kh4 Rb7 53.Rxa5 Ke4 54.Ra8 c5 55.a4 c4
56.a5 Kd3 57.a6 Rd7 58.Re8 Ra7 59.Re6 c3 60.Kxh5 c2 61.Rd6+ Ke2 62.Re6+ Kd2
63.Rd6+ Kc1 64.Rb6 Rh7+ 65.Kg4 Rd7 66.Rb7 Rd4+ 67.Kf5 Kd1 68.a7 c1=Q  0-1

[Event "ESP-chT"]
[Site "Cordoba"]
[Date "1995.??.??"]
[Round "8"]
[White "Garcia Ilundain, David"]
[Black "Suarez, Diego"]
[Result "1/2-1/2"]
[WhiteElo "2510"]
[BlackElo "2265"]

1.Nf3 Nf6 2.d4 e6 3.c4 Bb4+ 4.Bd2 Qe7 5.g3 Nc6 6.Bg2 Bxd2+ 7.Nbxd2 d6 8.Nf1 e5
9.Ne3 O-O 10.O-O a5 11.Rc1 Rd8 12.a3 a4 13.Nd5 Nxd5 14.cxd5 Nb8 15.e3 Bg4
16.h3 Bh5 17.Qc2 c6 18.Nh4 Ra6 19.Rfe1 Qf6 20.Qf5 Qxf5 21.Nxf5 Kf8 22.Rc4 Bg6
23.Nh4 Bd3 24.Rc3 e4 25.dxc6 bxc6 26.Bf1 Bxf1 27.Kxf1 g6 28.Rec1 Ke7 29.Rc4 d5
30.R4c3 Rb6 31.b4  1/2-1/2

[Event "ESP-chT"]
[Site "Cordoba"]
[Date "1995.??.??"]
[Round "9"]
[White "Romero Holmes, Alfonso"]
[Black "Sanz Alonso, Francisco Javier"]
[Result "1/2-1/2"]
[WhiteElo "2455"]
[BlackElo "2400"]

1.d4 Nf6 2.Nf3 e6 3.c4 Bb4+ 4.Bd2 c5 5.Bxb4 cxb4 6.a3 Qe7 7.g3 b6 8.Bg2 Bb7
9.O-O O-O 10.Nbd2 Rc8 11.Re1 bxa3 12.Rxa3 d6 13.b4 d5 14.c5 a5  1/2-1/2

[Event "ESP-chT"]
[Site "Cordoba"]
[Date "1995.??.??"]
[Round "9"]
[White "Alvarez Ibarra, D Rafael"]
[Black "Oms Pallise, Josep"]
[Result "1/2-1/2"]
[WhiteElo "2445"]
[BlackElo "2340"]

1.d4 Nf6 2.c4 e6 3.Nf3 Bb4+ 4.Bd2 Qe7 5.g3 Nc6 6.Bg2 Bxd2+ 7.Nbxd2 d6 8.O-O a5
9.e4 e5 10.d5 Nb8 11.Ne1 O-O 12.Nd3 Na6 13.f4 Nd7 14.f5 c6 15.h4 Rb8 16.Nf3 Nac5
17.Nfe1 Qd8 18.Rf2 Qb6 19.Rc1 Nxd3 20.Qxd3 Nc5 21.Qe3 f6 22.Nd3 Bd7 23.Nxc5 Qxc5
24.Qxc5 dxc5 25.Bf3 cxd5 26.cxd5 Rfc8 27.Rfc2 b6 28.Be2 Kf8 29.Ba6 Rd8 30.b3 Ke7
31.a4 g6 32.fxg6 hxg6 33.Rf2 Rf8 34.Bc4 Bg4 35.Kg2 f5 36.Rcf1 Rf6 37.Be2 Bxe2
38.Rxe2 fxe4 39.Rxe4 Rxf1 40.Kxf1 Rf8+ 41.Kg2 Kd6 42.Re3 Kxd5 43.Rf3 Rb8
44.Rf6 b5 45.axb5 Rxb5 46.Rxg6 Rxb3 47.h5 a4 48.h6 Rb8 49.Ra6 Rh8 50.g4 a3
51.g5 a2 52.Kg3 Ke4 53.Kg4 c4 54.Rxa2 c3 55.Re2+ Kd4 56.Kf5 Rf8+ 57.Kg6 e4
58.h7 Kd3 59.Rh2 c2 60.Rxc2 Kxc2 61.Kg7 Rd8 62.h8=Q Rxh8 63.Kxh8  1/2-1/2

[Event "Coria op"]
[Site "Coria"]
[Date "1995.??.??"]
[Round "7"]
[White "Martin Vazquez, Jose M"]
[Black "Adla, Diego"]
[Result "1/2-1/2"]
[WhiteElo "2130"]
[BlackElo "2435"]

1.d4 Nf6 2.c4 e6 3.Nf3 Bb4+ 4.Bd2 a5 5.Nc3 b6 6.e3 Bb7 7.Bd3 d6 8.Qc2 Nbd7
9.e4 e5 10.d5 Nc5 11.O-O O-O 12.Na4 Nh5 13.Be3 Qd7 14.Nxc5 Bxc5 15.Qd2 Qe7
16.b3 Bc8 17.a3 Bxe3 18.Qxe3 Nf4 19.Bc2 f5 20.exf5 Bxf5 21.Bxf5 Rxf5 22.g3 Nh3+
23.Kg2 Raf8 24.Nh4 Nf4+ 25.Kh1 R5f7 26.f3 Nh3 27.Ng2 g5 28.Qe4 Qd7 29.Ne3 Kh8
30.b4 h5 31.Qg6 Rh7 32.Qe6 Qxe6 33.dxe6 Rg8 34.Nd5 h4 35.Kg2 hxg3 36.hxg3 Nf4+
37.gxf4 gxf4+ 38.Kf2 Rh2+ 39.Ke1 Rgg2 40.Nc3 Kg7 41.Rc1 axb4 42.axb4 Kf6
43.Ne4+ Kxe6 44.Rf2 Rg1+ 45.Kd2 Rxf2+ 46.Nxf2 Rxc1 47.Kxc1 d5 48.Kc2 dxc4
49.b5 Kd5 50.Kc3 Kc5 51.Ng4 Kxb5 52.Nxe5 Kc5 53.Nxc4 Kd5 54.Nd2 c5 55.Ne4 b5
56.Nf6+ Ke5 57.Nd7+ Kd6 58.Nf6 Ke5 59.Nd7+  1/2-1/2

[Event "CZE-chT 9495"]
[Site "?"]
[Date "1995.??.??"]
[Round "3"]
[White "Sykora, Robert"]
[Black "Znamenacek, Kvetoslav"]
[Result "0-1"]
[WhiteElo "2145"]
[BlackElo "2300"]

1.d4 Nf6 2.c4 e6 3.Nf3 Bb4+ 4.Bd2 Qe7 5.g3 Nc6 6.Bg2 Bxd2+ 7.Nbxd2 d6 8.O-O O-O
9.e4 e5 10.d5 Nb8 11.Ne1 a5 12.Nd3 Na6 13.Qc2 Bd7 14.f4 Ng4 15.Rae1 f6 16.Nf3 Nb4
17.Qd2 Nxa2 18.h3 Nh6 19.f5 c5 20.dxc6 bxc6 21.Ra1 Nb4 22.Nxb4 axb4 23.Rxa8 Rxa8
24.Qxb4 c5 25.Qb7 Qe8 26.b4 cxb4 27.Qxb4 Nf7 28.Nd2 Qb8 29.Rb1 Qxb4 30.Rxb4 Kf8
31.Rb7 Ke7 32.Bf1 Nd8 33.Rb2 Bc6 34.Kf2 Nb7 35.Bd3 Nc5 36.Bb1 Kd8 37.Nf1 Nxe4+
38.Bxe4 Bxe4 39.Ne3 Kc7 40.g4 Kc6 41.h4 g6 42.Rd2 Ra1 43.Nd5 Bxd5 44.cxd5+ Kc5
45.fxg6 hxg6 46.Kg2 Ra4 47.Kg3 Ra3+ 48.Kg2 f5 49.h5 gxh5 50.gxf5 h4 51.f6 Rg3+
52.Kf1 Rg8  0-1

[Event "CZE-chT 9495"]
[Site "?"]
[Date "1995.??.??"]
[Round "10"]
[White "Dydyshko, Viacheslav"]
[Black "Hracek, Zbynek"]
[Result "0-1"]
[WhiteElo "2495"]
[BlackElo "2595"]

1.d4 Nf6 2.c4 e6 3.Nf3 Bb4+ 4.Bd2 Qe7 5.g3 Nc6 6.Nc3 Bxc3 7.Bxc3 Ne4 8.Rc1 d6
9.d5 Nxc3 10.Rxc3 Nd8 11.dxe6 Nxe6 12.Bg2 O-O 13.O-O Bd7 14.Re1 Rfd8 15.Nd4 Rab8
16.Nf5 Qf8 17.Qd2 a6 18.Rd1 Nc5 19.Ne3 Bc6 20.Nd5 a5 21.e4 Bxd5 22.cxd5 b5
23.Re1 b4 24.Rc4 Re8 25.f4 f6 26.Bh3 Qf7 27.Qd4 Rbd8 28.e5 Qh5 29.Kg2 g5
30.e6 g4 31.Bxg4 Qxg4 32.Qxf6 Qg6 33.Qd4 Re7 34.Rf1 Rf8 35.Rcc1 b3 36.a3 a4
37.Rce1 h5 38.Kh1 Qd3 39.Qxd3 Nxd3 40.Re3 Nxb2 41.Rc3 Rf5 42.Rb1 Rxd5 43.Rxb2 Rxe6
44.Rxc7 Rc5  0-1

[Event "CZE-chT1a"]
[Site "?"]
[Date "1995.??.??"]
[Round "?"]
[White "Suran, Jan"]
[Black "Kucera, Petr"]
[Result "1/2-1/2"]
[WhiteElo "2215"]
[BlackElo "2305"]

1.d4 Nf6 2.c4 e6 3.Nf3 Bb4+ 4.Bd2 Qe7 5.g3 O-O 6.Bg2 Bxd2+ 7.Nbxd2 d6 8.O-O e5
9.e4 Bg4 10.d5 a5 11.b3 Nbd7 12.a3 h5 13.h3 Bxf3 14.Qxf3 g6 15.b4 Kg7 16.Qc3 h4
17.Nb3 axb4 18.axb4 b6 19.Rxa8 Rxa8 20.Ra1 Rxa1+ 21.Nxa1 Nh5 22.Qe3 hxg3
23.fxg3 f5 24.exf5 gxf5 25.Nb3 Qf6 26.Kh2 Qg6 27.Nd2 Ndf6 28.Bf1 b5 29.Be2 f4
30.gxf4 Nxf4 31.Bf3 bxc4 32.Nxc4 N6xd5 33.Qd2 Nf6 34.b5 Qf5 35.Bg2 d5 36.Ne3 Qd7
37.Qc2 e4 38.Qc5 Kf7 39.Bf1 Ne6 40.Qb4 d4 41.Nc4 Qd5 42.b6 cxb6 43.Qxb6 Kg6
44.Qb3 Nh5 45.Qb8 Nf6 46.Qb3 Ng5 47.Qg3 Kf5 48.Nd6+ Kg6 49.h4 Ng4+ 50.Qxg4 Qxd6+
51.Kg2 Qf6  1/2-1/2

[Event "CZE-chT1a"]
[Site "?"]
[Date "1995.??.??"]
[Round "?"]
[White "Voloshin, Leonid"]
[Black "Kucera, Petr"]
[Result "1/2-1/2"]
[WhiteElo "2435"]
[BlackElo "2305"]

1.d4 Nf6 2.c4 e6 3.Nf3 Bb4+ 4.Bd2 Qe7 5.g3 O-O 6.Bg2 Bxd2+ 7.Nbxd2 d6 8.O-O e5
9.e4 Bg4 10.d5 a5 11.h3 Bxf3 12.Qxf3 Na6 13.b3 g6 14.a3 b6 15.Qc3 Nc5 16.b4 Nb7
17.Nb3 Nd7 18.Nc1 Rfc8 19.Nd3 c6 20.Qb3 c5 21.b5 Rf8 22.Rae1 Rae8 23.Qb2 Qg5
24.Re3 Qh6 25.Rfe1 Qg7 26.h4 Re7 27.Qe2 Qh6 28.Bh3 Nd8 29.Kg2 f5 30.exf5 gxf5
31.f4 Rg7 32.Kh2 e4 33.Nf2 Qf6 34.Qc2 Qf7 35.Qc3 h5 36.Nd1 Qg6 37.Nb2 Nf6
38.Na4 Rb7 39.Nb2 Nf7 40.Nd1 Nh6 41.Nf2 Rg7 42.R1e2  1/2-1/2

[Event "CZE-chT2"]
[Site "?"]
[Date "1995.??.??"]
[Round "?"]
[White "Kucera, Petr"]
[Black "Chloupek, Stanislav"]
[Result "1/2-1/2"]
[WhiteElo "2305"]
[BlackElo "2310"]

1.d4 Nf6 2.c4 e6 3.Nf3 Bb4+ 4.Bd2 Qe7 5.g3 Nc6 6.Bg2 Bxd2+ 7.Nbxd2 d6 8.e4 e5
9.d5 Nb8 10.O-O O-O 11.Ne1 a5 12.b3 Na6 13.a3 c6 14.Nd3 Bd7 15.Re1 cxd5 16.exd5 Bf5
17.Nb2 Qc7 18.Nf1 Bg6 19.Ne3 Rfe8 20.Na4 Nd7 21.h4 h6 22.h5 Bh7 23.Bh3 Nf6
24.Nc3 Qb6 25.Bf5 Nc5 26.Rb1 e4 27.Qd4 Qd8 28.b4  1/2-1/2

[Event "CZE-chT2"]
[Site "?"]
[Date "1995.??.??"]
[Round "?"]
[White "Simek, Petr"]
[Black "Kozak, Milos"]
[Result "1/2-1/2"]
[WhiteElo "2145"]
[BlackElo "2300"]

1.d4 Nf6 2.Nf3 e6 3.c4 Bb4+ 4.Bd2 Qe7 5.g3 Nc6 6.Bg2 Bxd2+ 7.Nbxd2 d6 8.O-O a5
9.e4 e5 10.d5 Nb8 11.Ne1 h5 12.Nd3 h4 13.Qe2 Na6 14.f4 hxg3 15.hxg3 Bg4 16.Qe3 Bd7
17.Nf2 Nh5 18.f5 g5 19.Ng4 f6 20.Kf2 Nc5 21.Rh1 O-O-O 22.Nb3 b6 23.Nxc5 dxc5  1/2-1/2

[Event "CZE-chT1 9596"]
[Site "CZE"]
[Date "1995.??.??"]
[Round "?"]
[White "Orsag, Milan"]
[Black "Jurek, Josef"]
[Result "0-1"]
[WhiteElo "2390"]
[BlackElo "2355"]

1.d4 Nf6 2.c4 e6 3.Nf3 Bb4+ 4.Bd2 c5 5.g3 Qb6 6.a3 Bxd2+ 7.Qxd2 Ne4 8.Qc2 d5
9.cxd5 exd5 10.dxc5 Qxc5 11.Qxc5 Nxc5 12.Nbd2 Nc6 13.Rc1 Ne6 14.b4 O-O 15.Bg2 Re8
16.Nb3 a5 17.b5 a4 18.Nc5 Na5 19.Nxe6 Bxe6 20.O-O Nb3 21.Rc7 Rab8 22.Rd1 Rec8
23.b6 Rxc7 24.bxc7 Rc8 25.e4 Rxc7 26.exd5 Rd7 27.Ne5 Rd8 28.Rd3 Bf5 29.Rc3 f6
30.g4 Rc8 31.Nc6 bxc6 32.gxf5 Nd4 33.Rc5 Kf8 34.dxc6 Rc7 35.Be4 Nb3 36.Rb5 Ke7
37.Rb4 Kd6 38.f4 Nc5 39.Bf3 Re7 40.Rc4 Re3 41.Kf2 Re8 42.Rd4+ Kc7 43.Rd5 Kb6
44.h4 Ne4+ 45.Kg2 Nc5 46.h5 h6 47.Kf1 Re7 48.Rd8 Re3 49.Kf2 Rxa3 50.Rb8+ Kc7
51.Rg8 Rc3 52.Rxg7+ Kb6 53.Rg8 a3 54.Rb8+ Kc7 55.Ra8 Nd3+ 56.Kg1 Nb4 57.Ra7+ Kd6
58.Rd7+ Kc5 59.Rd1 a2 60.Ra1 Kb6 61.Kf2 Rc2+ 62.Ke3 Rxc6 63.Bxc6 Nc2+  0-1

[Event "Decin op"]
[Site "Decin"]
[Date "1995.??.??"]
[Round "3"]
[White "Meduna, Eduard"]
[Black "Sleich, Jan"]
[Result "1-0"]
[WhiteElo "2445"]
[BlackElo "2165"]

1.d4 Nf6 2.c4 e6 3.Nf3 Bb4+ 4.Bd2 Qe7 5.g3 O-O 6.Bg2 Bxd2+ 7.Nbxd2 d6 8.e4 e5
9.O-O Bg4 10.d5 a5 11.b3 Na6 12.a3 h6 13.h3 Bd7 14.Ne1 Nh7 15.Nc2 f5 16.exf5 Bxf5
17.Ne4 Ng5 18.Nxg5 Qxg5 19.Ne3 Bg6 20.h4 Qf6 21.Ng4 Qf5 22.Ne3 Qf6 23.Kh2 Nc5
24.f3 Bh5 25.Qc2 g5 26.hxg5 hxg5 27.b4 axb4 28.axb4 Rxa1 29.Rxa1 Qh8 30.Kg1 e4
31.Ra3 exf3 32.bxc5 fxg2 33.cxd6 cxd6 34.g4 Qf6 35.Qf5 Qg7 36.Qe6+ Bf7 37.Qxd6 Qb2
38.Qe7 Bg6 39.Nf5 Qc1+ 40.Kxg2 Qd2+ 41.Kh3 Bxf5 42.gxf5 Qb2 43.Qe6+ Kh8 44.Qh6+ Kg8
45.Qxg5+ Kh7 46.Qh5+ Kg7 47.Rf3 Qc1 48.Qg6+ Kh8 49.Qh6+ Kg8 50.Qe6+ Kh7 51.Kg2 Qc2+
52.Rf2 Qxc4 53.Qg6+ Kh8 54.Qh6+ Kg8 55.Qg6+ Kh8 56.Qh5+ Kg7 57.Kh3 Qd3+ 58.Rf3  1-0

[Event "Dortmund op"]
[Site "Dortmund"]
[Date "1995.??.??"]
[Round "4"]
[White "Bach, Matthias"]
[Black "Petrosian, Arshak B"]
[Result "1/2-1/2"]
[WhiteElo "2330"]
[BlackElo "2435"]

1.d4 Nf6 2.c4 e6 3.Nf3 Bb4+ 4.Bd2 Qe7 5.g3 Nc6 6.Bg2 Bxd2+ 7.Nbxd2 d6 8.O-O a5
9.Rc1 O-O 10.a3 e5 11.d5 Nb8 12.Ne1 a4 13.e4 Bg4 14.f3 Bd7 15.Nd3 Na6 16.f4 b6
17.fxe5 dxe5 18.Nf3 Ng4 19.Qe2 Nc5 20.Nxc5 Qxc5+ 21.Kh1 f5 22.exf5 Rxf5 23.Bh3 Rf6
24.Ng5 Rf2 25.Rxf2 Nxf2+ 26.Kg2 Nxh3 27.Nxh3  1/2-1/2

[Event "Dortmund op"]
[Site "Dortmund"]
[Date "1995.??.??"]
[Round "4"]
[White "Pinter, Jozsef"]
[Black "Pasalic, Mehmed"]
[Result "1-0"]
[WhiteElo "2565"]
[BlackElo "2355"]

1.d4 Nf6 2.c4 e6 3.Nf3 Bb4+ 4.Bd2 a5 5.g3 d5 6.Qc2 Nc6 7.a3 Be7 8.Bg2 Ne4
9.Be3 O-O 10.O-O Nd6 11.cxd5 exd5 12.Nc3 Be6 13.Rad1 Ra6 14.Bf4 Re8 15.Rfe1 Bf5
16.Qc1 Ne4 17.Nb5 Nd6 18.Bxd6 Bxd6 19.Nh4 Bg4 20.Bxd5 g5 21.Nf3 h6 22.Qc4 Qf6
23.Nd2 Ne7 24.Ne4 Qg6 25.Bxf7+ Qxf7 26.Nf6+ Kg7 27.Qxf7+ Kxf7 28.Nxg4 Rb6
29.Nxd6+ cxd6 30.Rd2 Nf5 31.h3 Rb3 32.e3 b5 33.Rc1 h5 34.Nh2 a4 35.Rc7+ Kg6
36.Rc6 b4 37.axb4 Rxb4 38.Nf3 g4 39.Ne5+  1-0

[Event "Duesseldorf"]
[Site "Duesseldorf"]
[Date "1995.??.??"]
[Round "1"]
[White "Donchenko, Anatoly G"]
[Black "Ostermeyer, Peter"]
[Result "1/2-1/2"]
[WhiteElo "2405"]
[BlackElo "2400"]

1.d4 Nf6 2.Nf3 e6 3.c4 Bb4+ 4.Bd2 Qe7 5.g3 b6 6.Bg2 Bb7 7.O-O Bxd2 8.Qxd2 O-O
9.Nc3 Ne4 10.Nxe4 Bxe4 11.Ne1 Bxg2 12.Nxg2 d6 13.b4 a5 14.b5 Nd7 15.Nf4 Rac8
16.Rac1 c6 17.Rfd1 cxb5 18.cxb5 d5 19.Nd3 Qd6 20.Rxc8 Rxc8 21.Rc1 Rc7 22.Rc3 Kf8
23.Qc1 Rxc3 24.Qxc3 Ke7 25.a4 f6 26.f3 e5 27.e3  1/2-1/2

[Event "Duesseldorf"]
[Site "Duesseldorf"]
[Date "1995.??.??"]
[Round "5"]
[White "Duesterwald, Marc"]
[Black "Zimmermann, Rolf"]
[Result "1/2-1/2"]
[WhiteElo "2250"]
[BlackElo "2215"]

1.d4 Nf6 2.c4 e6 3.Nf3 Bb4+ 4.Bd2 Qe7 5.a3 Bxd2+ 6.Nbxd2 d6 7.e4 e5 8.Bd3 c5
9.d5 Nh5 10.b4 Nf4 11.Bf1 Na6 12.h3 O-O 13.g3 Nh5 14.Rb1 g6 15.Bg2 f5 16.O-O f4
17.Kh2 Bd7 18.Nb3 Ba4 19.Qd2 Bxb3 20.Rxb3 g5 21.g4 Nf6 22.Nxg5 Nxg4+ 23.hxg4 Qxg5
24.Rg1 Rf6 25.Rh3 Rh6 26.Bf3 Rxh3+ 27.Kxh3 Rc8 28.b5 Nc7 29.Qa5 Qd8 30.Qxa7 Ra8
31.Qxb7 Ne8 32.Kg2 Rb8 33.Qa6 Ra8  1/2-1/2

[Event "Duesseldorf"]
[Site "Duesseldorf"]
[Date "1995.??.??"]
[Round "8"]
[White "Koch, Wolfgang Max"]
[Black "Ostermeyer, Peter"]
[Result "1/2-1/2"]
[WhiteElo "2315"]
[BlackElo "2400"]

1.d4 Nf6 2.Nf3 e6 3.c4 Bb4+ 4.Bd2 Qe7 5.g3 b6 6.Bg2 Bb7 7.O-O Bxd2 8.Qxd2 O-O
9.Nc3 Ne4 10.Nxe4 Bxe4 11.Qf4 d5 12.cxd5 exd5 13.Rac1  1/2-1/2

[Event "Eger Cup"]
[Site "Eger"]
[Date "1995.??.??"]
[Round "?"]
[White "Pap, Janos"]
[Black "Kladiva, Imre"]
[Result "0-1"]
[WhiteElo "2140"]
[BlackElo "2155"]

1.d4 Nf6 2.c4 e6 3.Nf3 Bb4+ 4.Bd2 Qe7 5.g3 Bxd2+ 6.Nbxd2 d5 7.Bg2 O-O 8.O-O Nbd7
9.Qc2 c5 10.Rac1 b6 11.Nb3 dxc4 12.Qxc4 Bb7 13.dxc5 Rac8 14.Qa4 Bc6 15.Qxa7 bxc5
16.a3 Bd5 17.Nbd2 Ra8 18.Qc7 e5 19.Nc4 Bxc4 20.Rxc4 Qe6 21.Nd2 Rfc8 22.Qb7 Rab8
23.Qa7 Rxb2 24.Ne4 Nxe4 25.Rxe4 f5 26.Re3 e4 27.Rd1 Ne5 28.Qa4 Ng4 29.Rc3 c4
30.h3 Ne5 31.Kf1 Rb3 32.Qa5 Nc6  0-1

[Event "RUS-ch (Women)"]
[Site "Elista"]
[Date "1995.??.??"]
[Round "5"]
[White "Shumiakina, Tatiana"]
[Black "Demina, Julia"]
[Result "1/2-1/2"]
[WhiteElo "2345"]
[BlackElo "2345"]

1.d4 Nf6 2.c4 e6 3.Nf3 Bb4+ 4.Bd2 Bxd2+ 5.Qxd2 O-O 6.g3 d5 7.Bg2 c6 8.O-O Nbd7
9.Qc2 b6 10.Nbd2 Bb7 11.e4 dxe4 12.Nxe4 c5  1/2-1/2